[Event "Int. Stuttgarter Stadtmeisterschaft B"]
[Site "Ditzingen"]
[Date "2013.05.09"]
[Round "2.37"]
[White "Schreiber, Winfried"]
[Black "Handel, Oliver"]
[Result "0-1"]
[WhiteElo "1573"]
[BlackElo "1705"]
[PlyCount "74"]
[EventDate "2013.??.??"]
[BlackTeam "SF 59 Kornwestheim"]

1. c4 Nf6 2. Nc3 e5 3. Nf3 Nc6 4. g3 d5 5. cxd5 Nxd5 6. Bg2 Be6 7. O-O Be7 8.
d4 exd4 9. Nxd4 Nxd4 10. Qxd4 Nxc3 11. Qxd8+ Rxd8 12. bxc3 c6 13. Be4 Bf6 14.
a4 Bxc3 15. Rb1 Rd7 16. Ba3 f5 17. Bd3 Kf7 18. Rfd1 Rhd8 19. Bb2 Bxb2 20. Rxb2
b6 21. Rc1 c5 22. Kg2 Rd4 23. a5 c4 24. Bb1 Rb8 25. Ba2 b5 26. e3 Rdd8 27. Rb4
a6 28. Rc2 Rbc8 29. h4 Rd3 30. Bb1 c3 31. Rd4 Rxd4 32. exd4 Bb3 33. Rc1 c2 34.
Bxc2 Bxc2 35. f3 b4 36. Kf2 b3 37. Ke2 b2 0-1

[Event "Int. Stuttgarter Stadtmeisterschaft B"]
[Site "Ditzingen"]
[Date "2013.05.09"]
[Round "2.38"]
[White "Dallinger, Moritz"]
[Black "Gheng, Christian"]
[Result "1-0"]
[WhiteElo "1528"]
[BlackElo "1696"]
[PlyCount "57"]
[EventDate "2013.??.??"]
[WhiteTeam "SV Stuttgart-Wolfbusch 1956 e.V."]
[BlackTeam "TSV Schönaich"]

1. e4 c5 2. Nf3 d6 3. d4 cxd4 4. Qxd4 Nc6 5. Bb5 Bd7 6. Bxc6 Bxc6 7. Nc3 Nf6 8.
Bg5 Qd7 9. h3 h6 10. Bxf6 gxf6 11. Nh4 Rg8 12. g3 Rg5 13. Rh2 b6 14. O-O-O
O-O-O 15. Qc4 Kb7 16. Qxf7 Qc7 17. Nf5 Bxe4 18. Nxd6+ Rxd6 19. Rxd6 Qxd6 20.
Nxe4 Qe5 21. Qc4 Qa5 22. b4 Qa3+ 23. Kb1 b5 24. Qd4 Rh5 25. g4 Rxh3 26. Nc5+
Kb6 27. Qd8+ Kc6 28. Qd7+ Kb6 29. Qb7# 1-0

[Event "Int. Stuttgarter Stadtmeisterschaft B"]
[Site "Ditzingen"]
[Date "2013.05.09"]
[Round "2.39"]
[White "Rasch, Wolfgang"]
[Black "Lehnhardt, Julian"]
[Result "1/2-1/2"]
[WhiteElo "1688"]
[BlackElo "1425"]
[PlyCount "40"]
[EventDate "2013.??.??"]
[BlackTeam "SV Weil der Stadt"]

1. d4 Nf6 2. c4 e6 3. Nc3 d5 4. Bg5 Be7 5. cxd5 Nxd5 6. Bxe7 Qxe7 7. e4 Nxc3 8.
bxc3 b6 9. Bb5+ c6 10. Bd3 Bb7 11. Ne2 O-O 12. O-O Nd7 13. e5 c5 14. Ng3 Rfd8
15. Qe2 Nf8 16. Rad1 cxd4 17. cxd4 Qb4 18. Qe3 Rac8 19. Ne2 Be4 20. Qd2 Qa3
1/2-1/2

[Event "Int. Stuttgarter Stadtmeisterschaft B"]
[Site "Ditzingen"]
[Date "2013.05.09"]
[Round "2.40"]
[White "Lisin, Wladimir"]
[Black "Weisensel, Wolfgang"]
[Result "1/2-1/2"]
[WhiteElo "1487"]
[BlackElo "1685"]
[PlyCount "49"]
[EventDate "2013.??.??"]
[WhiteTeam "SGem Vaihingen-Rohr"]
[BlackTeam "Stuttgarter SF 1879"]

1. d4 Nf6 2. c4 e6 3. Nf3 Bb4+ 4. Bd2 Bxd2+ 5. Nbxd2 d5 6. g3 O-O 7. Bg2 Bd7 8.
O-O Bc6 9. Ne5 dxc4 10. Nxc6 Nxc6 11. Nxc4 Qxd4 12. Bxc6 Qxd1 13. Rfxd1 bxc6
14. Ne5 Rab8 15. b3 Rb6 16. Rac1 Rc8 17. Nxc6 Re8 18. Nxa7 Ra6 19. Nb5 Rxa2 20.
Nxc7 Rb8 21. e3 h6 22. Rd3 Rb2 23. Rc4 R2xb3 24. Rxb3 Rxb3 25. Kg2 1/2-1/2

[Event "Int. Stuttgarter Stadtmeisterschaft B"]
[Site "Ditzingen"]
[Date "2013.05.09"]
[Round "2.41"]
[White "Peng, Yimeh-Stella"]
[Black "Tsybulevsky, Juri"]
[Result "0-1"]
[WhiteElo "1400"]
[BlackElo "1676"]
[PlyCount "74"]
[EventDate "2013.??.??"]
[WhiteTeam "TSG Öhringen"]
[BlackTeam "Stuttgarter SF 1879"]

1. e4 Nf6 2. Nc3 d6 3. Bc4 Nc6 4. Nf3 h6 5. O-O Bg4 6. h3 Bh5 7. Re1 e6 8. d4
Bxf3 9. gxf3 Nh5 10. Kh2 Qh4 11. Be3 O-O-O 12. Ne2 a6 13. Ng3 Nf4 14. Bf1 d5
15. Qd2 Ng6 16. c4 Bb4 17. Qc2 Bxe1 18. Rxe1 dxe4 19. fxe4 Nxd4 20. Bxd4 Rxd4
21. Qc3 Rhd8 22. Re2 Qf4 23. Bg2 f6 24. b3 Rd2 25. Kg1 R8d3 26. Qb4 Qd6 27.
Rxd2 Rxd2 28. Qa4 Qd7 29. Qa3 Rd1+ 30. Kh2 Rd2 31. Kg1 Qd4 32. Nh1 Rd1+ 33. Kh2
Qd6+ 34. Qxd6 cxd6 35. Ng3 Nf4 36. Bf3 Rd2 37. Kg1 Nxh3+ 0-1

[Event "Int. Stuttgarter Stadtmeisterschaft B"]
[Site "Ditzingen"]
[Date "2013.05.09"]
[Round "2.42"]
[White "Mejerski, Stephan"]
[Black "Mihalache, Victor"]
[Result "1/2-1/2"]
[WhiteElo "1664"]
[BlackElo "1334"]
[PlyCount "25"]
[EventDate "2013.??.??"]
[WhiteTeam "SK Schmiden/Cannstatt"]
[BlackTeam "SF 59 Kornwestheim"]

1. e4 e5 2. f4 exf4 3. Nf3 d6 4. Bc4 Nc6 5. d4 Bg4 6. c3 Nf6 7. Qd3 d5 8. exd5
Nxd5 9. O-O Be7 10. Bxd5 Qxd5 11. Bxf4 O-O-O 12. Nbd2 Rde8 13. a3 1/2-1/2

[Event "Int. Stuttgarter Stadtmeisterschaft B"]
[Site "Ditzingen"]
[Date "2013.05.09"]
[Round "2.43"]
[White "Piskaykin, Bogdan"]
[Black "Steinhart, Matthias"]
[Result "1-0"]
[WhiteElo "1586"]
[BlackElo "1783"]
[PlyCount "97"]
[EventDate "2013.??.??"]
[WhiteTeam "SV Friedrichshafen"]
[BlackTeam "SF Freiberg"]

1. e4 e5 2. Nf3 Nc6 3. Bb5 a6 4. Ba4 Nf6 5. Nc3 b5 6. Bb3 d6 7. Ng5 d5 8. Nxd5
Nd4 9. Nxf6+ Qxf6 10. d3 Nxb3 11. axb3 Bc5 12. O-O h6 13. Nf3 Bg4 14. Be3 Qb6
15. Bxc5 Qxc5 16. c3 O-O 17. b4 Qe7 18. h3 Bh5 19. Qe2 Rfd8 20. Qe3 Rd6 21. g4
Bg6 22. Qc5 f6 23. Nh4 Bh7 24. Nf5 Bxf5 25. gxf5 Qd7 26. Rad1 Rxd3 27. Rxd3
Qxd3 28. Qd5+ Qxd5 29. exd5 Rd8 30. Rd1 c6 31. d6 Kf7 32. Kg2 g6 33. fxg6+ Kxg6
34. d7 Kf7 35. Rd6 Ke7 36. Rxc6 Rxd7 37. Rxa6 Rd2 38. Ra7+ Ke6 39. Ra6+ Kf5 40.
Rb6 Rd5 41. Rc6 e4 42. Rc5 Ke5 43. Kg3 f5 44. Rxd5+ Kxd5 45. Kf4 Kc4 46. Kxf5
Kd3 47. Ke5 Ke2 48. Kxe4 Kxf2 49. c4 1-0

[Event "Int. Stuttgarter Stadtmeisterschaft B"]
[Site "Ditzingen"]
[Date "2013.05.09"]
[Round "2.44"]
[White "Raabe, Stephan"]
[Black "Petitto, Francesco"]
[Result "0-1"]
[WhiteElo "1330"]
[BlackElo "1663"]
[PlyCount "57"]
[EventDate "2013.??.??"]
[WhiteTeam "DJK Stuttgart-Süd"]
[BlackTeam "SK Sontheim/Brenz e.V."]

1. e4 e6 2. d4 d5 3. exd5 exd5 4. Bd3 Bd6 5. Nf3 Nf6 6. Qe2+ Be7 7. O-O O-O 8.
Bf4 Re8 9. Qd2 Bg4 10. Be2 Ne4 11. Qd1 Nc6 12. c3 Bd6 13. Bxd6 Qxd6 14. Nbd2
Re6 15. h3 Nxd2 16. Qxd2 Rae8 17. Rfe1 Qe7 18. hxg4 Rxe2 19. Qd1 Rxe1+ 20. Qxe1
Qd7 21. Qd2 Qxg4 22. Re1 Re4 23. Nh2 Qe6 24. Rxe4 Qxe4 25. f3 Qb1+ 26. Kf2 Qxa2
27. Qe2 Kf8 28. Kg3 Qb1 29. Qe5 0-1

[Event "Int. Stuttgarter Stadtmeisterschaft B"]
[Site "Ditzingen"]
[Date "2013.05.10"]
[Round "3.1"]
[White "Rühl, Volker"]
[Black "Spielberger, Horst"]
[Result "1-0"]
[WhiteElo "1817"]
[BlackElo "1893"]
[PlyCount "45"]
[EventDate "2013.??.??"]
[WhiteTeam "VfL Sindelfingen"]
[BlackTeam "SC Ismaning"]

1. d4 d6 2. e4 Nd7 3. Nf3 e5 4. Bc4 Be7 5. c3 Nb6 6. Bb3 Bg4 7. dxe5 dxe5 8.
Bxf7+ Kxf7 9. Nxe5+ Ke6 10. Qxg4+ Kxe5 11. Bf4+ Kxe4 12. Bxc7+ Kd5 13. Bxd8
Rxd8 14. Qxg7 Nf6 15. O-O Nc8 16. Na3 Kc6 17. Rad1 Rdg8 18. Qf7 Rg6 19. Nc4 Ng4
20. Ne5+ Nxe5 21. Qd5+ Kc7 22. Qxe5+ Bd6 23. Qxh8 1-0

[Event "Int. Stuttgarter Stadtmeisterschaft B"]
[Site "Ditzingen"]
[Date "2013.05.10"]
[Round "3.2"]
[White "Schreiber, Stephan"]
[Black "Paschmann, Stefan"]
[Result "0-1"]
[WhiteElo "1779"]
[BlackElo "1886"]
[PlyCount "144"]
[EventDate "2013.??.??"]
[WhiteTeam "SC Schachmatt Botnang"]
[BlackTeam "Krefelder Schachklub Turm 1851 e"]

1. d4 d5 2. Bf4 Nf6 3. e3 e6 4. Bd3 c5 5. c3 cxd4 6. exd4 Bd6 7. Bxd6 Qxd6 8.
Nf3 Nbd7 9. Nbd2 O-O 10. O-O e5 11. dxe5 Nxe5 12. Nxe5 Qxe5 13. Nf3 Qf4 14. h3
Bd7 15. Re1 b5 16. Qb3 Bxh3 17. Bxb5 Bxg2 18. Nh2 Qg5 19. f4 Qg3 20. Nf1 Bxf1+
21. Kxf1 Ne4 22. Qc2 Qxf4+ 23. Kg1 Nd2 24. Re2 Nf3+ 25. Kg2 Qg4+ 26. Kf2 Rad8
27. Qd3 Ng5 28. Kf1 Qf3+ 29. Qxf3 Nxf3 30. Bd3 Ng5 31. Kg2 Rfe8 32. Rae1 Rxe2+
33. Rxe2 g6 34. b3 Kg7 35. Re7 Ra8 36. Ba6 Kf6 37. Rc7 Ne6 38. Rd7 Nc5 39. Rd6+
Ke5 40. Rc6 Nxa6 41. Rxa6 h5 42. Ra5 Ke6 43. Kf3 g5 44. c4 dxc4 45. Rxg5 cxb3
46. axb3 Rb8 47. Rxh5 Rxb3+ 48. Ke4 f5+ 49. Kf4 Rb4+ 50. Kf3 a5 51. Rh8 Ke5 52.
Ra8 Rb3+ 53. Ke2 Ra3 54. Re8+ Kf4 55. Rf8 Ra2+ 56. Kf1 Ke4 57. Re8+ Kf3 58. Ke1
f4 59. Rf8 a4 60. Rh8 Ra1+ 61. Kd2 a3 62. Kc2 Rg1 63. Rh3+ Rg3 64. Rh4 a2 65.
Kb2 Ke3 66. Kxa2 Rg5 67. Kb2 Rc5 68. Rh8 f3 69. Re8+ Kf2 70. Kb3 Rc7 71. Kb4
Rg7 72. Kc3 Kg1 0-1

[Event "Int. Stuttgarter Stadtmeisterschaft B"]
[Site "Ditzingen"]
[Date "2013.05.10"]
[Round "3.3"]
[White "Zerweck, Christoph"]
[Black "Luft, Jakob"]
[Result "0-1"]
[WhiteElo "1774"]
[BlackElo "1874"]
[PlyCount "130"]
[EventDate "2013.??.??"]
[WhiteTeam "SV Herrenberg e.V."]
[BlackTeam "SF Oeffingen e.V."]

1. e4 e5 2. Nc3 Nf6 3. f4 d6 4. Nf3 Nbd7 5. Bc4 Be7 6. O-O O-O 7. d3 c6 8. a3
Ng4 9. Qe2 exf4 10. h3 Qb6+ 11. d4 Nge5 12. Rd1 Nxc4 13. Qxc4 Ne5 14. Qe2 Ng6
15. Kh1 Bd7 16. Qd3 h6 17. Ne2 Bg5 18. Rf1 Qd8 19. Nh2 Qf6 20. Bd2 Rae8 21.
Rae1 Re7 22. Bc3 Rfe8 23. Ng1 d5 24. e5 Qf5 25. Qd1 Nf8 26. Ng4 h5 27. Nh2 Qh7
28. Ngf3 Bh6 29. Ng1 Bf5 30. Rf2 Ne6 31. Qxh5 Bxc2 32. Qe2 Be4 33. Ngf3 g5 34.
Ng4 Bg7 35. Kg1 Qg6 36. Bb4 Rd7 37. Bc3 f5 38. exf6 Bxf6 39. Nfe5 Bxe5 40. Nxe5
Qg7 41. Nxd7 Qxd7 42. Qg4 Qf7 43. h4 Bf5 44. Qd1 g4 45. Re5 g3 46. Rd2 Kg7 47.
Qf3 Rh8 48. Rde2 Rxh4 49. Bd2 Ng5 50. Re7 Nxf3+ 51. gxf3 Kf6 52. Rxf7+ Kxf7 53.
Bb4 Bd3 54. Rg2 Rh6 55. Rd2 Bc4 56. Rd1 Re6 57. Bd2 Be2 58. Re1 Bxf3 59. Rxe6
Kxe6 60. Bxf4 g2 61. Kf2 Kf5 62. Bd6 Ke4 63. Bf8 Kxd4 64. Kxf3 g1=Q 65. b4 Qf1+
0-1

[Event "Int. Stuttgarter Stadtmeisterschaft B"]
[Site "Ditzingen"]
[Date "2013.05.10"]
[Round "3.4"]
[White "Kleih, Julian"]
[Black "Baumeister, Jürgen"]
[Result "1/2-1/2"]
[WhiteElo "1713"]
[BlackElo "1849"]
[PlyCount "78"]
[EventDate "2013.??.??"]
[WhiteTeam "SV Dettingen Erms"]
[BlackTeam "SC Asperg"]

1. d4 d5 2. c4 e6 3. Nf3 c6 4. g3 Bb4+ 5. Bd2 a5 6. Bg2 Nf6 7. O-O Nbd7 8. Qc2
O-O 9. a3 Be7 10. Bc3 Ne4 11. Nbd2 f5 12. b4 Nxc3 13. Qxc3 Nf6 14. c5 Ne4 15.
Qc2 axb4 16. axb4 Bd7 17. Ne5 Be8 18. e3 g5 19. f4 Bh5 20. Nxe4 Rxa1 21. Rxa1
fxe4 22. Ra7 Qc8 23. Qa4 Bf6 24. b5 Bxe5 25. fxe5 Be2 26. bxc6 bxc6 27. Qa5 Bb5
28. Qc7 Qxc7 29. Rxc7 Rf7 30. Rxf7 Kxf7 31. Kf2 g4 32. h3 h5 33. hxg4 hxg4 34.
Bf1 Bxf1 35. Kxf1 Ke7 36. Ke1 Kd7 37. Kd2 Kc7 38. Kc3 Kb7 39. Kb4 Ka6 1/2-1/2

[Event "Int. Stuttgarter Stadtmeisterschaft B"]
[Site "Ditzingen"]
[Date "2013.05.10"]
[Round "3.5"]
[White "Viehoff, Jürgen"]
[Black "Bälz, Jürgen"]
[Result "1-0"]
[WhiteElo "1848"]
[BlackElo "1833"]
[PlyCount "49"]
[EventDate "2013.??.??"]
[WhiteTeam "SC Stetten a.d.F."]
[BlackTeam "TSV Willsbach"]

1. d4 Nf6 2. Nf3 e6 3. Bg5 h6 4. Bh4 Be7 5. Nbd2 d5 6. e3 Nbd7 7. Bd3 c5 8. c3
Qc7 9. O-O O-O 10. e4 dxe4 11. Nxe4 Nxe4 12. Bxe7 Re8 13. Bh4 Nef6 14. Re1 b6
15. Bb5 Rf8 16. Bg3 Qb7 17. Bd6 Rd8 18. Be7 Re8 19. Bxf6 gxf6 20. d5 Qc7 21.
dxe6 Rxe6 22. Qd5 Rb8 23. Rxe6 fxe6 24. Qxe6+ Kg7 25. Qe7+ 1-0

[Event "Int. Stuttgarter Stadtmeisterschaft B"]
[Site "Ditzingen"]
[Date "2013.05.10"]
[Round "3.6"]
[White "Eylandt, Guenter"]
[Black "Winkler, Tim"]
[Result "0-1"]
[WhiteElo "1504"]
[BlackElo "1816"]
[PlyCount "52"]
[EventDate "2013.??.??"]
[WhiteTeam "SV Rottweil"]
[BlackTeam "SF Deizisau"]

1. c4 e5 2. Nc3 Nf6 3. g3 d5 4. Bg2 d4 5. Ne4 Nxe4 6. Bxe4 f5 7. Bc2 b6 8. f3
Be7 9. Bb3 c5 10. d3 Bb7 11. Bd2 e4 12. dxe4 fxe4 13. Ba4+ Nd7 14. fxe4 Bxe4
15. Nf3 O-O 16. Bf4 g5 17. Bxd7 Qxd7 18. Be5 g4 19. Rf1 gxf3 20. exf3 Qf5 21.
Bf4 Bc2 22. Qd2 Bd3 23. Rg1 Bg5 24. Rd1 Rae8+ 25. Kf2 Re2+ 26. Qxe2 Bxe2 0-1

[Event "Int. Stuttgarter Stadtmeisterschaft B"]
[Site "Ditzingen"]
[Date "2013.05.10"]
[Round "3.7"]
[White "Streicher, Traugott"]
[Black "Rieder, Josef"]
[Result "1-0"]
[WhiteElo "1865"]
[BlackElo "1818"]
[PlyCount "53"]
[EventDate "2013.??.??"]
[WhiteTeam "TSG Steinheim"]
[BlackTeam "Stuttgarter SF 1879"]

1. e4 c5 2. c3 Nc6 3. d4 cxd4 4. cxd4 d5 5. exd5 Qxd5 6. Nf3 Bg4 7. Be2 e6 8.
Nc3 Qd8 9. O-O Nf6 10. Qb3 Rb8 11. Rd1 Nd5 12. Ne4 Be7 13. h3 Bh5 14. Ng3 Bg6
15. Bd2 O-O 16. Be1 Bd6 17. Bf1 Ndb4 18. Rac1 a6 19. Ne5 Qe8 20. Nxc6 Nxc6 21.
d5 exd5 22. Rxd5 Qe7 23. Rcd1 Rfd8 24. Nf5 Bxf5 25. Rxf5 g6 26. Rxf7 Nd4 27.
Rxd4 1-0

[Event "Int. Stuttgarter Stadtmeisterschaft B"]
[Site "Ditzingen"]
[Date "2013.05.10"]
[Round "3.8"]
[White "Wiessner, Johann"]
[Black "Gampper, Steffen"]
[Result "1/2-1/2"]
[WhiteElo "1861"]
[BlackElo "1700"]
[PlyCount "56"]
[EventDate "2013.??.??"]
[WhiteTeam "SC Lechhausen"]
[BlackTeam "SC Murrhardt 1948 e.V."]

1. d4 e6 2. c4 f5 3. Nf3 Nf6 4. g3 Be7 5. Bg2 O-O 6. O-O d6 7. b3 Ne4 8. Bb2
Nd7 9. Qc2 Ndf6 10. Nbd2 Qe8 11. Nxe4 Nxe4 12. Nd2 Nxd2 13. Qxd2 Qh5 14. Bf3
Qg6 15. Bg2 Qh5 16. Rae1 f4 17. Qd3 Rf6 18. Qf3 Qg5 19. Bc1 e5 20. Qd5+ Be6 21.
Qxb7 Raf8 22. Qxc7 Rh6 23. f3 Rxh2 24. g4 Qh4 25. dxe5 Rxg2+ 26. Kxg2 Qg3+ 27.
Kh1 Qh3+ 28. Kg1 Qg3+ 1/2-1/2

[Event "Int. Stuttgarter Stadtmeisterschaft B"]
[Site "Ditzingen"]
[Date "2013.05.10"]
[Round "3.9"]
[White "Muench, Werner"]
[Black "Graf, Maximilian"]
[Result "1/2-1/2"]
[WhiteElo "1841"]
[BlackElo "1731"]
[PlyCount "42"]
[EventDate "2013.??.??"]
[WhiteTeam "SC Widdern"]
[BlackTeam "SK e4 Gerlingen"]

1. d4 d5 2. c4 e5 3. dxe5 d4 4. Nf3 Nc6 5. a3 Be6 6. Nbd2 Qd7 7. b4 a6 8. Bb2
b5 9. cxb5 axb5 10. Nb3 Qd5 11. Nbxd4 Nxb4 12. e3 c6 13. Nxe6 Qxe6 14. axb4
Bxb4+ 15. Nd2 Rd8 16. Bd4 c5 17. Bxb5+ Kf8 18. O-O cxd4 19. exd4 Qb6 20. Nf3
Qxb5 21. Qb3 Ne7 1/2-1/2

[Event "Int. Stuttgarter Stadtmeisterschaft B"]
[Site "Ditzingen"]
[Date "2013.05.10"]
[Round "3.10"]
[White "Pudmensky, Stefan"]
[Black "Ziegler, Michael"]
[Result "1-0"]
[WhiteElo "1829"]
[BlackElo "1658"]
[PlyCount "113"]
[EventDate "2013.??.??"]
[WhiteTeam "SF Oeffingen e.V."]
[BlackTeam "SF 59 Kornwestheim"]

1. d4 d6 2. c4 Nf6 3. Nc3 g6 4. e4 Bg7 5. Nf3 O-O 6. Be2 Ne8 7. O-O f5 8. e5
Nc6 9. Bf4 dxe5 10. dxe5 Qxd1 11. Rfxd1 e6 12. c5 a6 13. Bc4 Na5 14. b3 Nxc4
15. bxc4 h6 16. h4 c6 17. Rd8 Nc7 18. Rad1 Rxd8 19. Rxd8+ Kf7 20. Na4 Ke7 21.
Rd3 Bd7 22. Nb6 Rd8 23. Ng5 Be8 24. Rd6 Rb8 25. Nh7 Na8 26. Nf6 Nxb6 27. cxb6
c5 28. Ng8+ Kf7 29. Nxh6+ Bxh6 30. Bxh6 Rc8 31. Bg5 Rc6 32. Rxc6 Bxc6 33. f3
Ba4 34. Kf1 Bc2 35. Ke2 Bb1 36. a3 Ke8 37. Be3 Kd7 38. Bxc5 Kc6 39. Bd4 Ba2 40.
Kd3 Bb1+ 41. Kc3 Kd7 42. g4 fxg4 43. fxg4 Be4 44. h5 gxh5 45. gxh5 Ke8 46. Kb4
Kd7 47. Kc5 Bh7 48. Be3 Bb1 49. Bh6 Bh7 50. Bf8 Bb1 51. Bd6 Bh7 52. Kd4 Bb1 53.
Ke3 Bh7 54. Kf4 Ke8 55. c5 Kd7 56. Kg5 Be4 57. Kf6 1-0

[Event "Int. Stuttgarter Stadtmeisterschaft B"]
[Site "Ditzingen"]
[Date "2013.05.10"]
[Round "3.11"]
[White "Bischof, Jan"]
[Black "Reichardt, Bernd"]
[Result "1-0"]
[WhiteElo "1574"]
[BlackElo "1814"]
[PlyCount "231"]
[EventDate "2013.??.??"]
[WhiteTeam "SGem Vaihingen-Rohr"]
[BlackTeam "SF Markgräflerland e."]

1. e4 e5 2. f4 exf4 3. Nf3 Be7 4. Bc4 Bh4+ 5. Kf1 d6 6. d4 Bg5 7. Nxg5 Qxg5 8.
Qf3 Nc6 9. Bxf4 Qg4 10. c3 Nge7 11. Qxg4 Bxg4 12. h3 Bh5 13. Nd2 O-O-O 14. Bd3
Bg6 15. Re1 Rhe8 16. h4 h5 17. Rh3 d5 18. e5 Bxd3+ 19. Rxd3 Nf5 20. g3 Re6 21.
Bg5 Rd7 22. Rf3 g6 23. Nb3 b6 24. Nc1 a5 25. Nd3 Kb7 26. Nf4 a4 27. Nxe6 fxe6
28. b4 axb3 29. axb3 Rf7 30. Kg2 Na5 31. b4 Nc4 32. Ra1 b5 33. Kh3 Rh7 34. Re1
Nb2 35. Re2 Na4 36. Re1 Rh8 37. g4 hxg4+ 38. Kxg4 Kc6 39. Rh1 Rh5 40. Kf4 Kd7
41. Rfh3 Ke8 42. Bf6 Nh6 43. Bg5 Nf5 44. Rc1 Nb2 45. Rc2 Na4 46. Rh1 Nb6 47.
Kg4 Kd7 48. Ra2 Na4 49. Rxa4 bxa4 50. Ra1 Rh8 51. Rxa4 Rb8 52. Bd2 Rh8 53. Bg5
Rb8 54. Ra5 Rb6 55. Ra8 Ne7 56. Bd2 Rb7 57. Kg5 c6 58. Kf6 Nf5 59. Rh8 Ng3 60.
Kxg6 Rb6 61. h5 Nxh5 62. Rxh5 Ra6 63. Kf6 Ra2 64. Rh7+ Kc8 65. Rh2 Kd7 66. Kf7
Ra1 67. Bg5 Rf1+ 68. Bf6 Rf3 69. Ra2 Rxc3 70. Ra7+ Kc8 71. Kxe6 Rc4 72. Kd6 Kb8
73. Rc7 Rxb4 74. Rxc6 Rxd4 75. Kc5 Rd1 76. Rd6 Kc7 77. Rxd5 Rc1+ 78. Kd4 Re1
79. Be7 Re2 80. Bf6 Re1 81. Kc4 Rc1+ 82. Kb5 Rb1+ 83. Kc4 Rc1+ 84. Kb3 Re1 85.
Kc2 Re3 86. Kd2 Re4 87. Rd3 Kc6 88. Re3 Rd4+ 89. Ke2 Rf4 90. Rf3 Re4+ 91. Kd3
Kd5 92. Re3 Ra4 93. Ke2 Ke6 94. Kf3 Rb4 95. Re4 Rb1 96. Kf4 Rf1+ 97. Kg5 Rg1+
98. Kh6 Rg2 99. Rh4 Rg1 100. Rh5 Rg2 101. Rg5 Rb2 102. Kh7 Rb7+ 103. Rg7 Rb3
104. Re7+ Kf5 105. Kg7 Re3 106. Kf7 Rh3 107. Ke8 Ra3 108. Rd7 Ke6 109. Re7+ Kf5
110. Kf7 Rh3 111. e6 Rh6 112. Bg7 Rg6 113. Re8 Rg2 114. e7 Kg5 115. Rf8 Rf2+
116. Kg8 1-0

[Event "Int. Stuttgarter Stadtmeisterschaft B"]
[Site "Ditzingen"]
[Date "2013.05.10"]
[Round "3.12"]
[White "Munk, Werner"]
[Black "Gorb, Eugeniusz"]
[Result "0-1"]
[WhiteElo "1732"]
[BlackElo "1630"]
[PlyCount "118"]
[EventDate "2013.??.??"]
[WhiteTeam "TSV Heumaden"]
[BlackTeam "SC Gross-Sachsenheim"]

1. Nf3 e6 2. g3 d5 3. Bg2 Nf6 4. O-O c5 5. d3 Nc6 6. Nbd2 Bd6 7. e4 O-O 8. Re1
Qc7 9. c3 Be5 10. Qe2 d4 11. c4 Nb4 12. Nf1 Bd7 13. Nh4 Ne8 14. f4 Bf6 15. Nf3
e5 16. f5 h6 17. g4 b5 18. a3 Na6 19. b3 bxc4 20. bxc4 Rb8 21. h4 Be7 22. g5 h5
23. Qf2 g6 24. Nxe5 Qxe5 25. Bf4 Qg7 26. Bxb8 Nxb8 27. Qg3 Nc6 28. Bh3 Qe5 29.
Qxe5 Nxe5 30. Rad1 Ba4 31. fxg6 Bxd1 32. gxf7+ Kxf7 33. Rxd1 Nf3+ 34. Kh1 Nxh4
35. Ng3 Kg6 36. Nf5 Nxf5 37. exf5+ Rxf5 38. Bxf5+ Kxf5 39. Re1 Bxg5 40. Rxe8
Bc1 41. a4 a5 42. Kg2 Kg4 43. Re4+ Bf4 44. Re8 h4 45. Rg8+ Bg5 46. Re8 h3+ 47.
Kh1 Bf4 48. Re1 Kf3 49. Re4 Be3 50. Re5 Ke2 51. Rxc5 Bd2 52. Rd5 Kxd3 53. c5
Kc4 54. c6 Bf4 55. Rxa5 d3 56. Ra7 Kd5 57. Rf7 d2 58. Rxf4 d1=Q+ 59. Kh2 Qd2+
0-1

[Event "Int. Stuttgarter Stadtmeisterschaft B"]
[Site "Ditzingen"]
[Date "2013.05.10"]
[Round "3.13"]
[White "Rudhart, Michael"]
[Black "Piskaykin, Bogdan"]
[Result "1/2-1/2"]
[WhiteElo "1890"]
[BlackElo "1586"]
[PlyCount "94"]
[EventDate "2013.??.??"]
[WhiteTeam "DJK Stuttgart-Süd"]
[BlackTeam "SV Friedrichshafen"]

1. d4 d6 2. c4 g6 3. e4 Bg7 4. Nc3 e5 5. d5 f5 6. exf5 gxf5 7. Qh5+ Kf8 8. Bg5
Qe8 9. Qxe8+ Kxe8 10. O-O-O Na6 11. Bd3 e4 12. Bb1 h6 13. Be3 Be5 14. Nge2 Ne7
15. g4 f4 16. Bxf4 Bxf4+ 17. Nxf4 Bxg4 18. Rde1 Bf3 19. Rhg1 Rf8 20. Ne6 Rf7
21. Bxe4 Bxe4 22. Nxe4 Kd7 23. f4 Nb4 24. Kb1 b5 25. cxb5 Nbxd5 26. Nc3 Nxc3+
27. bxc3 Nd5 28. Kc2 Nxf4 29. Nxf4 Rxf4 30. Rg7+ Kc8 31. Kb3 Kb7 32. Re6 Rh4
33. Rxd6 Rxh2 34. Rh7 Rh8 35. Rxh8 cxd6 36. a4 Kb6 37. Re8 Rd2 38. Rh8 Rh2 39.
Rc8 Rd2 40. c4 Rd1 41. Rc6+ Kb7 42. c5 dxc5 43. Rxh6 Rb1+ 44. Kc4 Rb4+ 45. Kxc5
Rxa4 46. Rh7+ Kb8 47. Rh6 Kb7 1/2-1/2

[Event "Int. Stuttgarter Stadtmeisterschaft B"]
[Site "Ditzingen"]
[Date "2013.05.10"]
[Round "3.14"]
[White "Meissner, Michael"]
[Black "Fuchs, Egbert"]
[Result "0-1"]
[WhiteElo "1885"]
[BlackElo "1706"]
[PlyCount "92"]
[EventDate "2013.??.??"]
[BlackTeam "SVG Vaihingen/Enz"]

1. e4 c5 2. Nf3 g6 3. d4 cxd4 4. Nxd4 Bg7 5. c4 Nc6 6. Be3 d6 7. Nc3 Nf6 8. f3
O-O 9. Be2 Nxd4 10. Bxd4 Be6 11. O-O Qa5 12. Rc1 Rfc8 13. b3 a6 14. Qd3 Nd7 15.
Bxg7 Kxg7 16. Qd4+ f6 17. f4 Qc5 18. Rfd1 Qxd4+ 19. Rxd4 Rc7 20. f5 Bf7 21.
fxg6 hxg6 22. Nd5 Bxd5 23. exd5 Ne5 24. Rc3 Rh8 25. Rg3 b5 26. cxb5 axb5 27.
Bxb5 Rc1+ 28. Bf1 Ra1 29. a4 Rc8 30. Kf2 Rc2+ 31. Be2 Raa2 32. Re3 f5 33. h3 g5
34. g3 Kf6 35. Ke1 Ra1+ 36. Rd1 Raa2 37. Bd3 Rh2 38. Bf1 f4 39. gxf4 gxf4 40.
Rc3 Rac2 41. Rcd3 Nxd3+ 42. Rxd3 Ke5 43. b4 Ke4 44. Rd1 Ra2 45. a5 f3 46. Rc1
Rh1 0-1

[Event "Int. Stuttgarter Stadtmeisterschaft B"]
[Site "Ditzingen"]
[Date "2013.05.10"]
[Round "3.15"]
[White "Pocrnic, Josip"]
[Black "Handel, Oliver"]
[Result "1-0"]
[WhiteElo "1865"]
[BlackElo "1705"]
[PlyCount "47"]
[EventDate "2013.??.??"]
[WhiteTeam "SF 1954 Conweiler e.V."]
[BlackTeam "SF 59 Kornwestheim"]

1. e4 e5 2. Nf3 Nc6 3. Bc4 Bc5 4. O-O Nf6 5. d3 h6 6. h3 O-O 7. Re1 d6 8. c3
Be6 9. Bb3 a5 10. Ba4 Bd7 11. Nbd2 Rb8 12. Nf1 Ne7 13. Bc2 c6 14. Be3 Bxe3 15.
fxe3 Ng6 16. Ng3 Ne7 17. d4 exd4 18. exd4 Ng6 19. Qd2 Be6 20. e5 dxe5 21. Nxe5
Nxe5 22. Rxe5 Nd7 23. Qd3 g6 24. Rxe6 1-0

[Event "Int. Stuttgarter Stadtmeisterschaft B"]
[Site "Ditzingen"]
[Date "2013.05.10"]
[Round "3.16"]
[White "Weis, Oleg"]
[Black "Häfele, Torsten"]
[Result "1-0"]
[WhiteElo "1703"]
[BlackElo "1855"]
[PlyCount "51"]
[EventDate "2013.??.??"]
[BlackTeam "SVG Vaihingen/Enz"]

1. e4 e6 2. d4 d5 3. e5 c5 4. c3 Nc6 5. Nf3 Nh6 6. Bxh6 gxh6 7. dxc5 Bxc5 8. b4
Bb6 9. Na3 Qe7 10. Nc2 f6 11. Bb5 Bd7 12. Bxc6 bxc6 13. O-O fxe5 14. Nxe5 Qg5
15. Qe2 Rf8 16. Nd4 Bxd4 17. cxd4 Ke7 18. Qc2 Rg8 19. f4 Qg7 20. Rf3 Qf6 21.
Rc1 Rg7 22. Nxd7 Qxd4+ 23. Kh1 Rag8 24. Ne5 Kf6 25. g3 Qxb4 26. Nxc6 1-0

[Event "Int. Stuttgarter Stadtmeisterschaft B"]
[Site "Ditzingen"]
[Date "2013.05.10"]
[Round "3.17"]
[White "Ellinger, Harald"]
[Black "Tsybulevsky, Juri"]
[Result "0-1"]
[WhiteElo "1854"]
[BlackElo "1676"]
[PlyCount "82"]
[EventDate "2013.??.??"]
[WhiteTeam "SK e4 Gerlingen"]
[BlackTeam "Stuttgarter SF 1879"]

1. Nf3 Nf6 2. d4 e6 3. c4 d5 4. Nc3 c6 5. e3 h6 6. Qc2 Nbd7 7. Bd3 Bd6 8. O-O
b6 9. cxd5 cxd5 10. Nb5 Bb8 11. Qc6 Ba6 12. Qxa8 Bxb5 13. Bxb5 Bxh2+ 14. Kxh2
Qxa8 15. Ne5 a6 16. Bc6 Qa7 17. b3 O-O 18. Ba3 Nxe5 19. dxe5 Ng4+ 20. Kh3 Nxe5
21. Bxf8 Nxc6 22. Ba3 Qd7 23. Kh2 Qd8 24. Bb2 Qh4+ 25. Kg1 Ne7 26. Rac1 Qg5 27.
Rfd1 Nf5 28. Kf1 Nh4 29. g3 Nf3 30. Rc8+ Kh7 31. Rdc1 Qf5 32. R8c7 Nd2+ 33. Ke2
Ne4 34. Rf1 Nc5 35. Rd1 Qg4+ 36. f3 Qxg3 37. Rxf7 Qg2+ 38. Ke1 Qxb2 39. Rd4 Qc2
40. Rd2 Qg6 41. Rf4 Nd3+ 0-1